| 000 | 00830nam a22002297a 4500 | ||
|---|---|---|---|
| 005 | 20250714123636.0 | ||
| 008 | 250714b |||||||| |||| 00| 0 eng d | ||
| 020 | _a978-93-94183-94-0(pbk) | ||
| 037 | _cTB | ||
| 040 |
_aCRL _cCRL |
||
| 041 | _2pun | ||
| 084 |
_aO153,1NHIx R4 _qCRL |
||
| 100 |
_aਹਿਰਦੇਪਾਲ, ਰਿਸ਼ੀ _9815529 |
||
| 245 | _aਅਚਰਜੁ ਖਿੜਕੀ | ||
| 260 |
_aਪਟਿਆਲਾ, ਭਾਰਤ: _b ਆੱਟਮ ਆਰਟ, _c2024. |
||
| 300 | _a119 ਪ. | ||
| 365 |
_b175.00 _cINR |
||
| 650 | _2ਪੰਜਾਬੀ ਸਾਹਿਤ | ||
| 650 | _aਪੰਜਾਬੀ ਕਾਵਿ | ||
| 942 |
_2CC _cTB _hO153,1NHIx R4 _n0 |
||
| 999 |
_c1433621 _d1433621 |
||